Statistiques concernant All Britney Spears Singles.

Cliquez ici pour prendre le quiz!

Statistiques générales

  • Ce quiz a été pris 101 fois
  • Le résultat moyen est 20 sur 53

Statistiques - réponses

ansSongs% Correct
1998...Baby One More Time
95%
2004Toxic
92%
2000Oops!... I Did It Again
82%
2008Womanizer
79%
2008Circus
76%
2007Gimme More
71%
2013Work Bitch
58%
2004Everytime
55%
2011Criminal
53%
1999(You Drive Me) Crazy - The Stop Remix
53%
2001I'm a Slave 4 U
52%
2011I Wanna Go
52%
1999Sometimes
52%
2011Till the World Ends
48%
2011Till the World Ends (The Femme Fatale remix) feauring Kesha & Nicki Minaj
48%
2000Lucky
47%
2009If U Seek Amy
45%
2009Radar
45%
2000Stronger
44%
2003Me Against the Music featuring Madonna
41%
2007Piece of Me
41%
2011Hold It Against Me
39%
2022Hold Me Closer with Elton John
39%
2001Overprotected
39%
20093
38%
1999Born to Make You Happy
38%
2008Break the Ice
36%
2016Make Me featuring G-Eazy
36%
2012Scream & Shout featuring will.i.am
36%
2002I'm Not a Girl, Not Yet a Woman
33%
2016Slumber Party featuring Tinashe
33%
2004My Prerogative
32%
2013Perfume
32%
2005Do Somethin'
29%
2004Outrageous
29%
2002I Love Rock 'n' Roll
27%
2023Mind Your Business featuring will.i.am
26%
2001Don't Let Me Be the Last to Know
24%
1999From the Bottom of My Broken Heart
23%
2011S&M (Remix) featuring with Rihanna
23%
2015Pretty Girls with Iggy Azalea
20%
2002Boys featuring Pharrell Williams
18%
2005Someday (I Will Understand)
18%
2013Ooh La La (The Smurfs 2 Movie)
17%
2002Anticipating
15%
2020Mood Ring By Demand
14%
2000My Only Wish (This Year)
14%
2020Matches featuring Backstreet Boys
9%
2020Swimming in the Stars
9%
2015Tom's Diner with Giorgio Moroder
8%
2014It Should Be Easy featuring will.i.am
6%
2013Til It's Gone
5%
2009Unusual You
5%

Distribution des résultats

Percentile par nombre de réponses

% des personnes avec chaque résultat

Votre développement - résultats

Vous n’avez pas pris ce quiz